| 000 | 00413nam a2200121Ia 4500 | ||
|---|---|---|---|
| 008 | 220217s9999||||xx |||||||||||||| ||und|| | ||
| 020 | _a9789352607426 | ||
| 100 |
_aSharma, Arun and et.al _910074 |
||
| 245 | 0 | _aGeneral studies paper 2: for civil services preliminary exam | |
| 260 |
_aMcGraw Hill Education (India) Private Limited _bNew Delhi _c2018 |
||
| 300 |
_aXXVIII, 862p. _b995 |
||
| 650 | _aGENERAL BOOKS | ||
| 999 |
_c188107 _d188107 |
||